000 00202 a2200097 4500
001 4447
100 _aVoorhio,S.N.V
245 _aMicrowave receivers
260 _a
_bMcgrawhill
_c
090 _c3645
_d3645
942 _aNUST-CAE
_cM
_c29391
999 _c239520
_d239520